Qu'est-ce que tout cela veut dire? : Une trés bréve introduction á la philosophie /

Enregistré dans:
Détails bibliographiques
Auteur principal: Nagel, Thomas (Auteur)
Format: Livre
Langue:français
Publié: Combas : Editions de l'éclat, 1993
Tags: Ajouter un tag
Pas de tags, Soyez le premier à ajouter un tag!

MARC

LEADER 00000nam a22000003a 4500
001 stu24072
005 20150617225741.9
008 960911s1993----fr------------------fre-d
020 |a 2-905372-79-6 
040 |a STU  |b slo 
041 0 |a fre 
044 |a fr 
080 |a 113/125 
100 1 |a Nagel, Thomas  |4 aut 
245 1 |a Qu'est-ce que tout cela veut dire? :  |b Une trés bréve introduction á la philosophie /  |c [aut.]Nagel,Thomas 
260 |a Combas :  |b Editions de l'éclat,  |c 1993 
300 |a 95 s 
996 |b C94331  |c C*94331  |l CCI  |s A  |a 24  |w stu24072_0001 
996 |b C94332  |c C*94332  |l CCI  |s A  |a 24  |w stu24072_0002